000 00500nam a2200169Ia 4500
005 20250326141000.0
008 250326s9999 xx 000 0 und d
037 _aTextbook
040 _aFMSL
_beng
_cFMSL
041 _aeng
_2eng
084 _aX:87 N4
_qFMSL
100 _aSaraf V K
_9743501
245 0 _aHow to become a good leaders: Pathways to perfection
_cSaraf V K
260 _aNew Delhi
_bNew Delhi, U B S publishers
_c1994
942 _cTB
_hX:87 N4
999 _c1288148
_d1288148